000 00451nam a2200157 i 4500
001 60839
003 ES-MaACL
005 20230906164321.0
007 t|
008 031107s1977 sp ||||1| spa d
245 0 0 _aEstratigrafía /
_cInmaculada Corrales Zarauza...[et al.].
260 _aMadrid :
_bRueda,
_c[1977]
300 _aXV, 718 p. :
_bil. ;
_c25 cm.
700 1 _aCorrales Zarauza, Inmaculada.
_940740
852 _aES-MaACL
_jA-7051
_bR.95951
999 _c60839
_d60839